Normal view
MARC view
- ترجمة واعداد كبة ، عزة ،شاكر ، فاتن
Entry Personal Name
001 - CONTROL NUMBER
- control field: 8115
003 - CONTROL NUMBER IDENTIFIER
- control field: JO-AjAnu
005 - DATE AND TIME OF LATEST TRANSACTION
- control field: 20230606071617.0
008 - FIXED-LENGTH DATA ELEMENTS
- fixed length control field: 230606|| aca||aabn | a|a d
040 ## - CATALOGING SOURCE
- Original cataloging agency: JO-AjAnu
- Transcribing agency: JO-AjAnu
100 ## - HEADING--PERSONAL NAME
- Personal name: ترجمة واعداد كبة ، عزة ،شاكر ، فاتن
670 ## - SOURCE DATA FOUND
- Source citation: Work cat.: (JO-AjAnu)4191: ترجمة واعداد كبة ، عزة ،شاكر ، فاتن , author, موسوعة الام والطفل